000 00921nas a2200289 4500
001 BR2013009814
003 BR-BrBNA
005 20231205123331.0
007 ta
008 230509b bl.|||p| |||| 00| 00por d
040 _aBR-BrBNA
_bpor
_cBiblioteca Nacional de Agricultura
041 _a(Pt)
072 _aP33; T01
100 1 _aPereira, A.C.C.
100 1 _aAmaral Sobrinho, N.M.B. do
100 1 _aSampaio Junior, J.
100 1 _aOliveira, J.A.
100 1 _aSantos, F.S.
100 1 _aMazur, N.
245 1 _aComportamento da Cordia africana Lam. cultivada em solo contaminado por metais pesados e tratado com materiais amenizantes
650 _aANÁLISE DO SOLO
650 _aCONTAMINAÇÃO
650 _aMETAL PESADO
773 0 _tCiência Florestal (Brazil)
_xISSN 0103-9954
_g(Sep 2013), v. 23(3) p. 329-336
_wBR2013009814
909 _a202311
_bLúcia
_c55
_dLúcia Elande
942 _2AGRIS
_n0
_cANA
999 _c233377
_d233377